LIBRARY ONLINE CATALOGUE

Kosa si kosa? / (Record no. 10025)

MARC details
000 -LEADER
fixed length control field 00526cam a22001932 4500
001 - CONTROL NUMBER
control field 0000023870
005 - DATE AND TIME OF LATEST TRANSACTION
control field 20151217152250.0
008 - FIXED-LENGTH DATA ELEMENTS--GENERAL INFORMATION
fixed length control field 130411s xx 000 0 eng d
020 ## - INTERNATIONAL STANDARD BOOK NUMBER
International Standard Book Number 0195734782 :
040 ## - CATALOGING SOURCE
Original cataloging agency KABU
Transcribing agency KABU
100 1# - MAIN ENTRY--PERSONAL NAME
Personal name Mumbo, Nyenyo Kenga.
-- 0000183627
245 10 - TITLE STATEMENT
Title Kosa si kosa? /
Statement of responsibility, etc. Nyenyo Kenga Mumbo.
250 ## - EDITION STATEMENT
Edition statement 1st ed.
260 ## - PUBLICATION, DISTRIBUTION, ETC. (IMPRINT)
Place of publication, distribution, etc. Nairobi :
Name of publisher, distributor, etc. Oxford,
Date of publication, distribution, etc. 2009.
300 ## - PHYSICAL DESCRIPTION
Extent viii, 64 p.
852 1# - LOCATION
-- p300 KES
908 ## - PUT COMMAND PARAMETER (RLIN)
Put command parameter 130411
950 ## - LOCAL HOLDINGS (RLIN)
-- 1
Holdings
Withdrawn status Lost status Source of classification or shelving scheme Not for loan Home library Current library Date acquired Total Checkouts Full call number Barcode Date last seen Date last checked out Price effective from Koha item type
    Library of Congress Classification   Kabarak, Main Campus Kabarak, Main Campus 17/12/2015 5 PL8704 .M6A4 2009 c. 2 014950 16/03/2021 16/03/2021 17/12/2015 General Collection
    Library of Congress Classification   Kabarak, Main Campus Kabarak, Main Campus 17/12/2015   PL8704 .M6A4 2009 c. 1 014954 17/12/2015   17/12/2015 Africana Collection